Nation-building in Tanzania : problems and issues

Saved in:
Bibliographic Details
Other Authors: Rweyemamu, Anthony H., 1933-
Format: Book
Language:English
Published: Nairobi : Published for the East African Academy, Tanzania Branch [by] East African Publishing House, 1970.
Subjects:
Tags: Add Tag
No Tags, Be the first to tag this record!

MARC

LEADER 00000cam a2200000 a 4500
001 1/113549
008 170329s1970####tz | ||| |||| ||eng||
040 |a GR-MyUa  |b gre  |c GR-MyUa  |e AACR2 
041 0 |a eng 
082 7 |a 338.9678   |2 (23) 
245 0 0 |a Nation-building in Tanzania :   |b problems and issues /   |c edited by Anthony H. Rweyémamu.  
260 |a Nairobi :   |b Published for the East African Academy, Tanzania Branch [by] East African Publishing House,   |c 1970.  
300 |a 109 σ. ;   |c 22 εκ.  
500 |a Originally presented as public lectures at the University College Institute of Adult Education, Dar es Salaam, 1966-67.  
504 |a Περιλαμβάνει βιβλιογραφία. 
505 8 |a An overview of nation-building: problems and issues, by A. H. Rweyemamu.--Tanzania's population: its distribution in relation to planning and nation-building, by L. Berry.--The nature, scope, and function of education for development, by R. C. Honeybone.--The role of science and technology in development education, by J. H. Robertson.--The role of finance in economic development, by W. F. Hellmuth.--Trade, aid, and nation-building in Tanzania, by G. K. Helleiner.--The present stage of economic planning in Tanzania, by K. E. Svendsen.--Tanzania's foreign policy, by C. H. Picciotto.  
651 0 |a Tanzania  |x Economic conditions  |y 1964- 
651 0 |a Tanzania  |x Economic policy. 
700 1 |a Rweyemamu, Anthony H.,   |d 1933- 
852 |a INST  |b LESVOS  |e 20170329  |h 338.9678 NAT  |p 005100059012  |q 005100059012  |t BK  |y 0 
970 |a Τζαφέρη  |b Ευαγγελία  |z 29-03-2017